LIBRARY ONLINE CATALOGUE

Groner's enviromental management and enviromental case law. (Record no. 5133)

MARC details
000 -LEADER
fixed length control field 00656cam a22002172 4500
001 - CONTROL NUMBER
control field 0000001199
005 - DATE AND TIME OF LATEST TRANSACTION
control field 20151217151808.0
008 - FIXED-LENGTH DATA ELEMENTS--GENERAL INFORMATION
fixed length control field 070227s xx 000 0 eng d
040 ## - CATALOGING SOURCE
Original cataloging agency KABU
Transcribing agency KABU
050 #0 - LIBRARY OF CONGRESS CALL NUMBER
Classification number GE300
Item number .C76 1998
245 10 - TITLE STATEMENT
Title Groner's enviromental management and enviromental case law.
250 ## - EDITION STATEMENT
Edition statement 3rd ed.
260 ## - PUBLICATION, DISTRIBUTION, ETC. (IMPRINT)
Place of publication, distribution, etc. Kingston Upon Thames, England :
Name of publisher, distributor, etc. Croner Pub.,
Date of publication, distribution, etc. 1998.
300 ## - PHYSICAL DESCRIPTION
Accompanying material CD ROM.
650 #0 - SUBJECT ADDED ENTRY--TOPICAL TERM
Topical term or geographic name as entry element Environmental management.
-- 0000149753
650 #0 - SUBJECT ADDED ENTRY--TOPICAL TERM
Topical term or geographic name as entry element Enviromental law.
-- 0000149785
908 ## - PUT COMMAND PARAMETER (RLIN)
Put command parameter 070227
950 ## - LOCAL HOLDINGS (RLIN)
-- 1
Holdings
Withdrawn status Lost status Source of classification or shelving scheme Not for loan Home library Current library Date acquired Total Checkouts Full call number Date last seen Price effective from Koha item type
    Library of Congress Classification   Kabarak, Main Campus Kabarak, Main Campus 17/12/2015   GE300 .C76 1998 c. 1 17/12/2015 17/12/2015 General Collection
    Library of Congress Classification   Kabarak, Main Campus Kabarak, Main Campus 17/12/2015   GE300 .C76 1998 c. 2 17/12/2015 17/12/2015 General Collection